000 00201 a2200085 4500
245 _aTHE AFRICAN EXPERIENCE WITH HIGHER EDUCATION
_hText
100 _aJ.F ADE AJAYI
650 _aEDUCATION
005 20191021095727.0
084 _aNONE
999 _c12599
_d12599